Une lettre suffit pour répondre juste #35 (attention 10 lettres tuent) - Statistiques

Statistiques générales
  • Ce quiz a été pris 85 fois
  • Le résultat moyen est 3 sur 6
Statistiques - réponses
Hint Réponse % Correct
Donne une des 5 lettres qui complète le nom de la série TV dont voici un extrait du générique : Chapeau _ _ _ _ _ et bottes de cuir
MELON
100%
Donne une des 4 lettres du nom de cette joueuse de Tennis prénommé Steffi
GRAF
82%
Donne une des 3 lettres du nom de la pièce de théâtre tragi-comique (en vers alexandrins essentiellement) de Pierre Corneille dont la première représentation eut lieu le 7 janvier 1637 au théâtre du Marais : Le _ _ _ CID
68%
Donne une des 2 lettres du troisième whisky le plus vendu dans le monde (d'après wikipédia), après Johnnie Walker et Ballantine's : _ & _ JB (J and B Justerini and Brooks)
52%
Donne la lettre qui complète le nom de l'émission TV diffusée de 1979 à 1987 sur TF1 et présentée par le duo Igor et Grichka Bogdanoff : Temps ? X
37%
Donne la lettre qui a une importance dans cet extrait de la série TV Breaking Bad prononcée ensuite 2 fois par le personnage au premier plan.
W
8%
Aucun quiz correspondant
Distribution des résultats
% des personnes avec chaque résultat
Percentile par nombre de réponses
Votre historique - résultats
Vous n’avez pas pris ce quiz